| Tag |
First Indicator |
Second Indicator |
Subfields |
| LEADER |
00000cam a2200000 a 4500 |
| 001 |
in00000855397 |
| 005 |
20151019071639.0 |
| 008 |
850520s1985 dcu s f00010 eng d |
| 010 |
|
|
|a gp 86000100
|
| 020 |
|
|
|c $2.25
|
| 035 |
|
|
|a (OCoLC)12090235
|
| 035 |
|
|
|9 AED6476AM
|
| 040 |
|
|
|a SPI
|c SPI
|d GPO
|d UtOrBLW
|
| 043 |
|
|
|a n-us---
|
| 074 |
|
|
|a 158
|
| 086 |
0 |
|
|a C 3.216:MIC 82-I-14 A
|
| 088 |
|
|
|a MIC 82-I-14 A
|
| 130 |
0 |
|
|a Census of mineral industries (1982)
|
| 245 |
1 |
0 |
|a 1982 census of mineral industries.
|p Industry series.
|p Stone.
|
| 264 |
|
1 |
|a Washington, D.C. :
|b U.S. Dept. of Commerce, Bureau of the Census :
|c [1985]
|
| 264 |
|
2 |
|a Washington, D.C. :
|b For sale by Supt. of Docs., U.S. G.P.O.,
|
| 300 |
|
|
|a 30 pages in various pagings ;
|c 28 cm.
|
| 336 |
|
|
|a text
|b txt
|2 rdacontent
|
| 337 |
|
|
|a unmediated
|b n
|2 rdamedia
|
| 338 |
|
|
|a volume
|b nc
|2 rdacarrier
|
| 500 |
|
|
|a "Issued February 1985."
|
| 500 |
|
|
|a "MIC82-I-14A."
|
| 650 |
|
0 |
|a Mineral industries
|z United States
|x Statistics.
|
| 650 |
|
0 |
|a Stone industry and trade
|z United States
|x Statistics.
|
| 710 |
1 |
|
|a United States.
|b Bureau of the Census.
|
| 740 |
0 |
|
|a Industry series, stone.
|
| 740 |
0 |
|
|a Stone.
|
| 999 |
|
|
|a MARS
|
| 999 |
f |
f |
|s 9c35eb2e-1ac9-359a-9949-97b892a1fe36
|i e564fc9c-5cd3-38f9-a8c8-470b2303d84a
|t 0
|
| 952 |
f |
f |
|p noncirc
|a Texas A&M University
|b College Station
|c Sterling C. Evans Library
|d Evans: US Documents (Annex 5th floor)
|t 0
|e C 3.216:MIC 82-I-14 A
|h Superintendent of Documents classification
|i unmediated -- volume
|m A14832472793
|
| 998 |
f |
f |
|a C 3.216:MIC 82-I-14 A
|t 0
|l Evans: US Documents (Annex 5th floor)
|